| 000 -LEADER |
| fixed length control field |
01080cam a2200337 a 4500 |
| 001 - CONTROL NUMBER |
| control field |
.b15580167 |
| 003 - CONTROL NUMBER IDENTIFIER |
| control field |
CaOOAMICUS |
| 005 - DATE AND TIME OF LATEST TRANSACTION |
| control field |
20230222100230.0 |
| 008 - FIXED-LENGTH DATA ELEMENTS--GENERAL INFORMATION |
| fixed length control field |
960426s1995 nyua j 000 1 eng c |
| 020 ## - INTERNATIONAL STANDARD BOOK NUMBER |
| International Standard Book Number |
9780399229190 |
| 040 ## - CATALOGING SOURCE |
| Original cataloging agency |
CaNSH |
| Language of cataloging |
eng |
| Modifying agency |
TWWZU |
| -- |
KH8 |
| Transcribing agency |
STD |
| 041 0# - LANGUAGE CODE |
| Language code of text/sound track or separate title |
eng |
| 042 ## - AUTHENTICATION CODE |
| Authentication code |
nbic |
| 082 0# - DEWEY DECIMAL CLASSIFICATION NUMBER |
| Classification number |
813.5 CAR |
| 100 1# - MAIN ENTRY--PERSONAL NAME |
| Personal name |
Carle, Eric. |
| Relator term |
author |
| 245 14 - TITLE STATEMENT |
| Title |
The very busy spider / |
| Statement of responsibility, etc. |
Eric Carle. |
| 250 ## - EDITION STATEMENT |
| Edition statement |
First Board Book ed. |
| 260 ## - PUBLICATION, DISTRIBUTION, ETC. |
| Place of publication, distribution, etc. |
New York : |
| Name of publisher, distributor, etc. |
Philomel Books, |
| Date of publication, distribution, etc. |
c1995. |
| 300 ## - PHYSICAL DESCRIPTION |
| Extent |
[22] p. : |
| Other physical details |
col. ill. ; |
| Dimensions |
12 cm. |
| 490 1# - SERIES STATEMENT |
| Series statement |
Board book. |
| 520 ## - SUMMARY, ETC. |
| Summary, etc. |
The farm animals try to divert a busy little spider from spinning her web, but she persists and produces a thing of both beauty and usefulness. |
| 650 #0 - SUBJECT ADDED ENTRY--TOPICAL TERM |
| Topical term or geographic name entry element |
Spiders |
| Form subdivision |
Juvenile fiction. |
| 650 #0 - SUBJECT ADDED ENTRY--TOPICAL TERM |
| Topical term or geographic name entry element |
Spider webs |
| Form subdivision |
Juvenile fiction. |
| 650 #0 - SUBJECT ADDED ENTRY--TOPICAL TERM |
| Topical term or geographic name entry element |
Domestic animals |
| Form subdivision |
Juvenile fiction. |
| 650 #1 - SUBJECT ADDED ENTRY--TOPICAL TERM |
| Topical term or geographic name entry element |
Spiders |
| Form subdivision |
Fiction. |
| 650 #1 - SUBJECT ADDED ENTRY--TOPICAL TERM |
| Topical term or geographic name entry element |
Spider webs |
| Form subdivision |
Fiction. |
| 650 #1 - SUBJECT ADDED ENTRY--TOPICAL TERM |
| Topical term or geographic name entry element |
Domestic animals |
| Form subdivision |
Fiction. |
| 650 #1 - SUBJECT ADDED ENTRY--TOPICAL TERM |
| Topical term or geographic name entry element |
Spiders |
| Form subdivision |
Fiction. |
| 830 #0 - SERIES ADDED ENTRY--UNIFORM TITLE |
| Uniform title |
Board book. |
| 942 ## - ADDED ENTRY ELEMENTS (KOHA) |
| Source of classification or shelving scheme |
|
| Koha item type |
Books - Non Ficton |